000 00656nam a2200241Ia 4500
003 OSt
005 20221005035958.0
006 a|||||r|||| 00| 0
007 ta
008 221004b |||||||| |||| 00| 0 eng d
024 _a69336
037 _cTextual
040 _aCRL
_cCRL
_beng
041 _2eng
_aeng
082 _aX425:5.1'N9, N5
100 _aMathew K. S. Ed.
245 0 _aMariners, merchants and oceans
_b Studies in maritime history
260 _aDelhi
_bManohar India
_c1995
300 _a488p.
_ccm.
650 _aECONOMICS
942 _hX425:5.1'N9, N5
_cTEXL
_2cc
999 _c946143
_d946143